000 00899cam a22002411 4500
001 f 01002159
003 DLC
005 20260227111242.0
008 850410s1892 fr acf 000 0 fre
010 _af 01002159
035 _a(OCoLC)23429566
040 _aDLC
_cMiU
_dDLC
042 _apremarc
050 0 0 _aDC33.5
_b.B6
051 _aDC33.5
_b.B6
_cCopy 2. No. 741
100 1 _aBouchot, Henri Francois Xavier Marie,
_d1849-1906.
245 1 3 _aLe luxe français.
_bL'empire,
_cpar Henri Bouchot; illustration documentaire d'après les originaux de l'époque.
260 _aParis,
_bLibrairie illustré
_c[1892]
300 _a3 p. l., iii, 214 p., 1 l.
_bfront., illus., plates (partly col.) ports.
_c30 cm.
500 _aNo. 844 of an ed. of 1,000 copies on "papier vélin."
651 0 _aFrance
_xSocial life and customs
651 0 _aFrance
_xHistory
_yConsulate and First Empire, 1799-1815
999 _c22734
_d22734